[Event "Orbis-2 IM 2018"]
[Site "Paracin"]
[Date "2018.12.03"]
[Round "1"]
[White "Mladenovic, Stefan"]
[Black "Om Kharola"]
[Result "1/2-1/2"]
[WhiteElo "2330"]
[BlackElo "2080"]
[Annotator "TA"]
[PlyCount "93"]
[EventDate "2018.12.03"]
[EventType "tourn"]
[EventCountry "SRB"]
[SourceTitle "playchess.com"]
[Source "ChessBase"]
[SourceQuality "1"]

{[%evp 19,93,23,42,39,46,28,27,26,44,29,27,12,36,0,18,10,16,22,107,103,171,156,161,168,162,151,172,168,183,179,171,170,183,68,75,79,71,29,31,0,0,0,0,0,0,0,0,0,0,0,0,0,0,0,0,0,0,-6,0,0,0,0,0,0,0,-11,0,0,0,0,0,-20,-20,-20,-17,-70]} 1. d4 Nf6 2. c4 e6 3. Nc3 d5 4. cxd5 exd5 5. Bg5 c6 6. e3 Bf5 7. Qf3 Bg6 8. Bxf6 Qxf6 9. Qxf6 gxf6 10. h4 h6 {LiveBook: 9 Games. D35: Queen's Gambit Declined: Exchange Variation} 11. Nh3 {[%cal Bg1h3,Bh3f4,Bf4h5,Bh5f6][%mdl 32]} (11. h5 Bh7 12. Kd2 Nd7 13. Bd3 Bxd3 14. Kxd3 Rg8 15. g3 f5 16. Nf3 Nf6 17. Ne2 Bd6 18. Nc1 {1-0 (63) Morozevich,A (2711)-Khismatullin,D (2651) Berlin 2015}) 11... Bd6 12. g3 Nd7 {White has an edge.} 13. Nf4 Bh7 $146 ({Predecessor:} 13... O-O-O 14. Nxg6 fxg6 15. Bd3 g5 16. h5 Bb4 17. Bf5 Kc7 18. O-O-O Bxc3 19. bxc3 {½-½ (27) Krak,T (2106)-Hrnciar,R (2088) Slovakia 2001}) 14. Bh3 Nb6 15. O-O-O Bb4 16. f3 Kf8 17. Nh5 Bg6 18. Nxf6 Nc4 (18... Kg7 $11 {remains equal.} 19. h5 Kxf6 20. hxg6 fxg6) 19. h5 $16 Bxc3 (19... Kg7 $16 {might work better.}) 20. bxc3 $18 Kg7 21. hxg6 Kxf6 22. gxf7 Nxe3 23. Rde1 Nc4 24. Be6 Nd6 25. Rh4 Raf8 {[#]} 26. Rf4+ (26. Bg4 $1 $18 h5 27. Bxh5) 26... Kg7 $14 27. Rg4+ Kf6 28. Bd7 {Black must now prevent Re6+.} Kxf7 29. Re6 Nc4 {The position is equal.} 30. Rf4+ Kg7 31. Re7+ Kg6 32. Rg4+ Kf6 $1 {[%cal Rf6e7]} 33. Re6+ Kf7 34. Rf4+ Kg7 35. Re7+ Kg6 36. Rxf8 Rxf8 $11 {[%mdl 4096] Endgame KRB-KRN} 37. f4 Nd6 38. Bh3 Rf7 39. Re6+ Rf6 40. Re7 Rf7 41. Re6+ Rf6 42. Re3 Kf7 43. Bg4 Kf8 44. Kc2 Nc4 45. Rf3 Rf7 46. Be6 Rg7 47. Kd3 {Accuracy: White = 55%, Black = 44%.} (47. Bf5 $11) 1/2-1/2

[Event "Orbis-2 IM 2018"]
[Site "Paracin"]
[Date "2018.12.03"]
[Round "1"]
[White "Besedes, Danilo"]
[Black "Rakshitta Ravi"]
[Result "1/2-1/2"]
[WhiteElo "2300"]
[BlackElo "2141"]
[Annotator "TA"]
[PlyCount "89"]
[EventDate "2018.12.03"]
[EventType "tourn"]
[EventCountry "SRB"]
[SourceTitle "playchess.com"]
[Source "ChessBase"]
[SourceQuality "1"]

{[%evp 17,89,13,24,6,0,-4,25,16,54,0,61,52,65,-89,-77,-80,-82,-91,-84,-85,-79,-112,-112,-121,-121,-113,-120,-247,-118,-112,-112,-135,-122,-227,-137,-152,-152,-141,-91,-78,-58,-58,-58,-58,-58,-58,-58,-58,-58,-58,-58,-58,-58,-118,-118,-166,-118,-118,-118,-117,-117,-151,-134,-151,-155,-153,-153,-144,0,0,0,0,8,8]} 1. d4 Nf6 2. Nf3 e6 3. Bf4 d5 4. e3 Be7 5. Nbd2 O-O 6. Bd3 c5 7. c3 Nc6 8. Ne5 Nxe5 9. dxe5 Nd7 {LiveBook: 9 Games. D02: 1 d4 d5 2 Nf3 sidelines, including 2...Nf6 3 g3 and 2...Nf6 3 Bf4} 10. Qb1 (10. Qh5 f5 11. g4 c4 12. Bc2 Nc5 13. gxf5 exf5 14. Nf3 Be6 15. Rg1 Qe8 16. Qxe8 Raxe8 17. Nd4 {1-0 (27) L'Ami,E (2634)-Thorhallsson,T (2419) Reykjavik 2018}) 10... h6 11. Nf3 b6 $146 ({Predecessor:} 11... f5 12. h4 c4 13. Bc2 b5 14. g4 Nc5 15. gxf5 exf5 16. Nd4 Ne4 17. Nc6 {1-0 (36) Blanchard,J (2236)-Veerman,J (2224) Haarlem 2004}) 12. h4 Bb7 13. Bh7+ Kh8 14. Ng5 $1 {And now Bg8! would win.} Qe8 $1 ({Don't blunder} 14... hxg5 $2 15. hxg5 g6 16. Bxg6+ Kg8 17. Bxf7+ $1 {[%mdl 512]} Rxf7 18. Qg6+ Rg7 19. Qxe6+ Rf7 20. g6 $18) 15. Bg8 $2 (15. Bd3 $14 {keeps the upper hand.}) 15... g6 $17 16. Bxf7 {[%mdl 64] Remove Defender} Rxf7 17. Qxg6 Bxg5 $1 18. hxg5 Rh7 19. Qxe8+ Rxe8 20. g6 Rg7 21. Rxh6+ Kg8 22. Bg5 (22. Kd2 $17 Nf8 23. Bg5) 22... Nf8 (22... Nxe5 $19 {is more deadly.} 23. a4 Rf8) 23. Bf6 Rxg6 24. Rh8+ Kf7 25. O-O-O (25. g3 $17) 25... Rg8 {Threatens to win with ...Rxh8.} 26. Rdh1 Rxh8 27. Rxh8 Bc6 28. g4 {[#]} d4 $1 29. exd4 (29. cxd4 Be4) 29... cxd4 30. cxd4 Be4 31. Kd2 Nd7 32. Rxe8 Kxe8 33. Ke3 Bd5 34. a3 $1 b5 35. f4 {[#]} (35. Bg5 $15) 35... Nb6 $1 36. Kd3 Bc4+ 37. Ke4 Na4 38. f5 Kf7 39. g5 exf5+ 40. Kxf5 {intending g6+.} Bd3+ ({Inferior is} 40... Nxb2 41. g6+ Kf8 42. e6 $11) 41. Kf4 Ke6 ({But not} 41... Nxb2 $6 {[#]} 42. e6+ $1 {[%mdl 512]} Kg6 43. d5 $15) 42. Ke3 Nxb2 {[#]} (42... Bg6 $17 43. b3 Nc3) 43. d5+ $1 $11 {[%mdl 512] The position is equal.} Kxd5 {[#] Strongly threatening ...Bf5.} 44. e6 $1 {[%mdl 512]} Kxe6 45. Bxb2 {Accuracy: White = 45%, Black = 59%.} 1/2-1/2

[Event "Orbis-2 IM 2018"]
[Site "Paracin"]
[Date "2018.12.03"]
[Round "1"]
[White "Sredojevic, Ivan"]
[Black "Klasan, Vladimir"]
[Result "0-1"]
[WhiteElo "2271"]
[BlackElo "2364"]
[Annotator "TA"]
[PlyCount "114"]
[EventDate "2018.12.03"]
[EventType "tourn"]
[EventCountry "SRB"]
[SourceTitle "playchess.com"]
[Source "ChessBase"]
[SourceQuality "1"]

{[%evp 14,114,8,-2,16,3,10,3,40,56,59,24,20,18,18,22,18,15,32,18,29,27,19,10,41,23,29,7,11,0,0,0,0,-2,0,0,0,0,9,-32,-48,-119,-126,-140,-148,-142,-135,-162,-165,-160,-156,-225,-221,-209,-125,-118,-109,-137,-106,-212,-116,-136,-117,-170,-109,-220,-150,-173,0,-183,-147,-230,-157,-170,-114,-119,-72,-65,-90,-242,-247,-420,-251,-707,-685,-665,-671,-652,-639,-556,-346,-297,-306,-699,-497,-490,-478,-508,-497,-29970,-29959,-29954,-6207]} 1. Nf3 d5 2. g3 g6 3. Bg2 Bg7 4. d4 Nh6 5. c4 dxc4 6. Qa4+ {D02: 1 d4 d5 2 Nf3 sidelines, including 2...Nf6 3 g3 and 2...Nf6 3 Bf4} c6 7. Qxc4 Nf5 8. e3 $1 {LiveBook: 6 Games. The position is equal.} Nd6 (8... O-O 9. O-O Nd7 10. Nc3 e5 11. dxe5 Nxe5 12. Nxe5 Bxe5 13. Rd1 {½-½ (47) Fressinet,L (2712)-Edouard,R (2627) Calvi 2015}) 9. Qe2 Bg4 $146 ({Predecessor:} 9... O-O 10. O-O Be6 11. Rd1 Qc8 12. Nc3 Bh3 13. Bxh3 Qxh3 {½-½ (33) Merkesvik,S (2220)-Kvisvik,B (2310) Oslo 2017}) 10. O-O e5 11. dxe5 Bxe5 12. h3 Bxf3 $1 13. Bxf3 O-O 14. Rd1 Qe7 15. Bg2 Nf5 16. Nd2 Nd7 17. Nf3 {Hoping for Rxd7!} Bf6 18. e4 Ng7 19. Be3 Rfd8 20. Qc2 Ne6 21. Rd2 Ne5 22. Rad1 Nxf3+ 23. Bxf3 Rxd2 24. Rxd2 Rd8 25. Rxd8+ (25. Bxa7 $2 Bd4 $17) 25... Qxd8 26. Bg2 ({Reject} 26. Bxa7 Qa5 $17) 26... Bd4 27. Bc1 (27. Qd2 $15) 27... Qa5 $17 28. Bf1 Qxa2 29. Bc4 Qa5 {...Qe1+ is the strong threat.} 30. Bxe6 Qe1+ 31. Kg2 fxe6 32. Bg5 (32. b3 $17) 32... c5 $1 $19 33. g4 {[#]} Qb4 ({Better is} 33... c4 $1 $19 {[%mdl 512]} 34. Be3 (34. Qxc4 Qxf2+) 34... Bxe3 35. fxe3 b5) 34. b3 $17 Qc3 35. Qd1 b5 36. Bh4 (36. e5 $17) 36... c4 ({Black should try} 36... b4 $19 {And now ...c4 would win.} 37. g5 a5) 37. bxc4 Qxc4 ({Much worse is} 37... bxc4 $6 38. Qa4 $11) 38. Qf3 (38. Qd2 $17 {keeps fighting.}) 38... Be5 (38... Qc3 $19 39. Qf4 Be5) 39. Bg5 (39. Be7 $17 {was worth a try.} Bg7 40. Qf4) 39... Qc3 40. Qe2 Qc4 41. Qf3 $1 b4 {Strongly threatening ...b3.} 42. Bh6 (42. Be7 $17 {is the only way for White.} Bg7 43. e5) 42... Qc8 43. Qd3 Bc3 ({Black should play} 43... a6 $19 44. Qe3 Qc6) 44. Qb5 a6 45. Qb6 {[#]} a5 $1 {[%cal Ra5a4][%mdl 512]} 46. f4 $2 {[#]} (46. e5 $17) (46. Qxa5 b3) 46... Bf6 $1 $19 {[%cal Rf6h4]} 47. e5 $2 (47. Kf3 {was necessary.}) 47... Be7 (47... Bh4 $142 48. Kf3 Qc3+ 49. Ke4 Qc2+ 50. Kf3 Qd3+ 51. Qe3 Qd5+ 52. Ke2 b3) 48. Qxa5 $2 (48. Bg5 Bf8 49. Qxa5) 48... Qb7+ 49. Kg3 b3 50. Qa4 {Qe8+ would kill now.} Kf7 {aiming for ...b2.} 51. f5 Qd5 52. fxe6+ Kxe6 {White must now prevent ...b2.} 53. Qe8 $2 (53. Qa6+ Kf7 54. e6+ Kf6 55. Qf1+ Kxe6 56. Bf4) 53... Qxe5+ 54. Bf4 Qc3+ 55. Kg2 {intending Qg8+.} Qc2+ 56. Kg3 (56. Kg1 $19 Qc5+ 57. Kg2) 56... Qd3+ 57. Kg2 b2 {Precision: White = 28%, Black = 52%.} 0-1

[Event "Orbis-2 IM 2018"]
[Site "Paracin"]
[Date "2018.12.03"]
[Round "1"]
[White "Karthik Kumar Pradeep"]
[Black "Sahil, Tickoo"]
[Result "1-0"]
[WhiteElo "2230"]
[BlackElo "2224"]
[Annotator "TA"]
[PlyCount "91"]
[EventDate "2018.12.03"]
[EventType "tourn"]
[EventCountry "SRB"]
[SourceTitle "playchess.com"]
[Source "ChessBase"]
[SourceQuality "1"]

{[%evp 19,91,17,30,10,11,11,22,20,16,18,45,26,35,24,29,38,45,41,51,43,54,19,33,6,38,10,25,11,53,27,45,30,64,62,72,59,123,123,122,127,127,122,129,127,134,105,143,135,172,172,172,172,172,172,169,106,515,512,741,741,1320,1229,1141,735,6408,6408,5297,2746,2015,1562,29970,29971,29972,29973]} 1. d4 d5 2. c4 e6 3. Nf3 Nf6 4. g3 Bb4+ 5. Bd2 Bd6 (5... Be7 6. Bg2 O-O 7. O-O Nbd7 8. Nc3 c6 9. Bf4 dxc4 10. e4 Re8 11. a4 b6 12. d5 exd5 13. exd5 Bb7 14. a5 bxa5 15. d6 Bf8 16. Nd2 Nd5 17. Nxd5 cxd5 18. Nxc4 dxc4 19. Bxb7 {½-½ (42) Nakamura,H (2777)-Karjakin,S (2773) Saint Louis 2018}) 6. Nc3 {E01: Catalan: Early deviations} O-O 7. Bg5 c6 8. Bg2 h6 9. Bxf6 Qxf6 10. O-O Qd8 {LiveBook: 6 Games} 11. Rc1 Nd7 12. Qd3 dxc4 $146 ({Predecessor:} 12... Qa5) 13. Qxc4 e5 14. Rfd1 {And now dxe5 would win.} Qe7 15. d5 Nb6 16. Qh4 Qxh4 17. Nxh4 cxd5 18. Nxd5 Rd8 19. Nxb6 axb6 20. Bd5 Kf8 21. Nf3 Ra5 22. e4 Ke7 23. a3 g5 24. Nd2 b5 25. Nf1 Ra7 26. Ne3 $36 {[%mdl 2048] White is more active.} Be6 27. Rd3 b6 ({Better is} 27... b4 $14) 28. b4 $16 Rc7 29. Rxc7+ Bxc7 30. Rc3 Bd6 31. Rc6 Rb8 32. Kf1 Kd7 33. Rc2 Rc8 34. Bxe6+ fxe6 35. Rxc8 Kxc8 $18 {[%mdl 4096] Endgame [#] KB-KN} 36. Ng4 $1 h5 {[#]} 37. Nf6 (37. Nh6 $1 $18) 37... h4 $2 {[%mdl 8192]} (37... Be7 $16 {is a better chance.}) 38. Kg2 hxg3 39. fxg3 Kd8 40. Kf3 Be7 41. Ng4 Bd6 42. Nf2 Ke7 43. Kg4 Kf6 44. Kh5 Be7 45. g4 Bd6 46. Nh3 {Accuracy: White = 70%, Black = 33%.} 1-0

[Event "Orbis-2 IM 2018"]
[Site "Paracin"]
[Date "2018.12.03"]
[Round "1"]
[White "Konstantinov, Aleksandar"]
[Black "Lajthajm, Borko"]
[Result "0-1"]
[WhiteElo "2080"]
[BlackElo "2405"]
[Annotator "TA"]
[PlyCount "68"]
[EventDate "2018.12.03"]
[EventType "tourn"]
[EventCountry "SRB"]
[SourceTitle "playchess.com"]
[Source "ChessBase"]
[SourceQuality "1"]

{[%evp 17,68,24,23,22,24,18,23,18,25,7,3,3,10,0,7,-1,10,-24,-13,-26,-24,-20,-11,-16,0,0,0,-89,-73,-82,-73,-119,-119,-133,-97,-247,-240,-238,-235,-283,-246,-314,-273,-383,-247,-243,-243,-224,-255,-275,-270,-266,-236]} 1. d4 Nf6 2. c4 e6 3. Nc3 d5 4. cxd5 exd5 5. Bg5 c6 6. e3 Nbd7 7. Bd3 Bb4 8. Nge2 O-O 9. O-O {D35: Queen's Gambit Declined: Exchange Variation} Re8 {LiveBook: 7 Games} 10. a3 (10. Qc2 Nf8 11. a3 {½-½ (11) Borovikov,V (2557)-Teske,H (2537) Paderborn 2013}) 10... Bd6 11. Bf4 {White has an edge.} Nf8 12. b4 $146 ({Predecessor:} 12. Qc2 Ng6 13. Bxd6 Qxd6 14. Ng3 Bd7 15. Bf5 Bxf5 16. Qxf5 {½-½ (42) Dittmar,P (2290)-Maier,C (2369) Germany 2015}) 12... Bg4 13. f3 Bh5 14. Qd2 Bg6 15. Bxd6 Qxd6 16. Nf4 Re7 17. Bxg6 hxg6 {[%cal Bh7g6,Bg6g5][%mdl 32]} 18. b5 Rae8 $36 {[%mdl 2048] Black fights for an advantage.} 19. Rfe1 g5 20. Nd3 Ng6 21. bxc6 bxc6 22. Nc5 (22. Rac1 $11) 22... g4 $17 23. Qf2 gxf3 24. gxf3 Nd7 25. N3a4 Nb6 {White must now prevent ...Nxa4.} 26. Kh1 (26. Nb2 $17) 26... Nxa4 $19 27. Nxa4 {[#]} Qf6 $1 28. Ra2 Qh4 29. Qg1 Qh3 30. Qg2 (30. Qg3 $142 Rxe3 31. Rxe3 (31. Qxh3 $2 {too greedy.} Rxe1+ 32. Kg2 Nf4+ 33. Kg3 Nxh3 $19) 31... Qf1+ 32. Qg1 Qxg1+ 33. Kxg1 Rxe3 34. Kf2) 30... Qxg2+ 31. Kxg2 Rxe3 32. Rxe3 Rxe3 33. Nc5 Nh4+ 34. Kg3 g5 {Precision: White = 26%, Black = 81%.} ({Don't do} 34... Nxf3 35. Kf2 $19) 0-1

[Event "Orbis-2 IM 2018"]
[Site "Paracin"]
[Date "2018.12.04"]
[Round "2"]
[White "Klasan, Vladimir"]
[Black "Konstantinov, Aleksandar"]
[Result "1/2-1/2"]
[WhiteElo "2364"]
[BlackElo "2080"]
[Annotator "ChessBase"]
[PlyCount "105"]
[EventDate "2018.12.03"]
[EventType "tourn"]
[EventCountry "SRB"]
[SourceTitle "playchess.com"]
[Source "ChessBase"]
[SourceQuality "1"]
[TimeControl "40/5400+30:1800+30"]

1. f4 d5 2. Nf3 c5 3. g3 Nc6 4. Bg2 g6 5. O-O Bg7 6. d3 Nf6 7. Nc3 O-O 8. e4 dxe4 9. dxe4 e5 10. Qxd8 Rxd8 11. Nxe5 Nxe5 12. fxe5 Ng4 13. Bg5 Re8 14. Nd5 Bxe5 15. h3 h6 16. Bd2 Bd4+ 17. Kh1 Nf2+ 18. Rxf2 Bxf2 19. Nf6+ Kf8 20. Bxh6+ Ke7 21. Nd5+ Kd6 22. Bf4+ Kc6 23. Nc7 Be6 24. Nxa8 Rxa8 25. Rd1 g5 26. Rd6+ Kb5 27. Bf1+ c4 28. Be5 Bc5 29. Rd1 Kc6 30. Bf6 Rg8 31. Kg2 Rg6 32. Bd4 Rh6 33. g4 Bd6 34. Be3 Rg6 35. b3 b5 36. bxc4 bxc4 37. Bxa7 Rg8 38. Bd4 Ra8 39. Ra1 Ra3 40. c3 Bc5 41. Be2 Bb6 42. Bxb6 Kxb6 43. Rc1 Rxa2 44. Kf2 Kc5 45. Ke3 Kd6 46. Bf3 Rh2 47. Be2 Kc5 48. Bf1 Ra2 49. Kf3 Kd6 50. Kg3 Ke5 51. Re1 Rc2 52. Re3 Rc1 53. Be2 1/2-1/2

[Event "Orbis-2 IM 2018"]
[Site "Paracin"]
[Date "2018.12.04"]
[Round "2"]
[White "Karthik Kumar Pradeep"]
[Black "Mladenovic, Stefan"]
[Result "1/2-1/2"]
[WhiteElo "2230"]
[BlackElo "2330"]
[Annotator "NA"]
[PlyCount "97"]
[EventDate "2018.12.03"]
[EventType "tourn"]
[EventCountry "SRB"]
[SourceTitle "playchess.com"]
[Source "ChessBase"]
[SourceQuality "1"]
[TimeControl "40/5400+30:1800+30"]

1. d4 {[%emt 0:00:00]} Nf6 {[%emt 0:00:00]} 2. c4 {[%emt 0:00:06]} e6 {[%emt 0:00:00]} 3. g3 {[%emt 0:00:12]} d5 {[%emt 0:00:00]} 4. Nf3 {[%emt 0:00:08]} Be7 {[%emt 0:00:06]} 5. Bg2 {[%emt 0:00:07]} O-O {[%emt 0:00:08]} 6. O-O {[%emt 0:00:08]} dxc4 {[%emt 0:00:03]} 7. Qc2 {[%emt 0:00:10]} b6 {[%emt 0:00:10] E05: Open Catalan: 5 Nf3 Be7} 8. Qxc4 {[%emt 0:05:45]} (8. Ne5 Qxd4 9. Bxa8 Qxe5 10. Bf3 Nd5 11. Qxc4 Ba6 12. Qa4 c5 13. Na3 Qc7 14. Rd1 Qc8 15. Bd2 {½-½ (27) Cheparinov,I (2711)-Bacrot,E (2677) Zagreb 2018}) 8... Bb7 {[%emt 0:00:29]} 9. Bf4 {[%emt 0:04:09]} c5 {[%emt 0:04:30]} 10. dxc5 {[%emt 0:04:11]} Bxc5 {[%emt 0:02:06]} 11. Nc3 {[%emt 0:04:49]} Nbd7 $146 {[%emt 0:04:02]} ({Predecessor:} 11... Qe7 12. a3 Rc8 13. Qa4 Nbd7 14. Rac1 a6 15. b4 {1-0 (38) Izzat,K (2484)-Brown,M (2497) chess.com INT 2018}) 12. b4 {[%emt 0:03:54]} Be7 {[%emt 0:05:21]} 13. Rac1 {[%emt 0:27:30]} Rc8 {[%emt 0:05:41]} 14. Qb3 {[%emt 0:00:17]} Nh5 {[%emt 0:36:20]} 15. Be3 {[%emt 0:02:26]} Bd6 {[%emt 0:01:27]} 16. Nb5 {[%emt 0:08:51]} Rxc1 {[%emt 0:01:31]} 17. Rxc1 {[%emt 0:00:04]} Bb8 {[%emt 0:00:06]} 18. Nbd4 {[%emt 0:11:57]} Nhf6 {[%emt 0:17:12]} 19. Nc6 {[%emt 0:03:34]} Bxc6 {[%emt 0:00:05]} 20. Rxc6 {[%emt 0:00:02]} Ne5 {[%emt 0:00:09]} 21. Rc1 {[%emt 0:02:34]} Nfg4 {[%emt 0:07:25]} 22. Rd1 {[%emt 0:03:35]} Qf6 {[%emt 0:00:21]} 23. Bc1 {[%emt 0:03:55]} b5 {[%emt 0:04:01]} 24. h3 {[%emt 0:01:02]} Nxf3+ {[%emt 0:00:23]} 25. Qxf3 {[%emt 0:00:01]} Qxf3 {[%emt 0:00:40]} 26. exf3 {[%emt 0:00:15]} Ne5 {[%emt 0:03:28]} 27. Be3 {[%emt 0:02:01]} Rc8 {[%emt 0:02:29]} (27... Nc6 $14) 28. f4 {[%emt 0:00:38]} Nc4 {[%emt 0:00:06]} 29. Bc5 {[%emt 0:00:11]} Bd6 {[%emt 0:04:59]} 30. Bxa7 {[%emt 0:07:01]} (30. Rxd6 $16 Nxd6 31. Bxd6) 30... Bxb4 {[%emt 0:00:19] [#]} 31. Rb1 $1 {[%emt 0:04:03]} Bf8 {[%emt 0:00:50]} 32. Rxb5 {[%emt 0:00:28]} Na3 {[%emt 0:00:02]} 33. Rb2 {[%emt 0:01:41]} h5 {[%emt 0:01:20]} 34. Be4 {[%emt 0:00:42]} g6 {[%emt 0:00:07]} 35. Be3 {[%emt 0:00:18]} Rd8 {[%emt 0:00:44]} 36. Kf1 {[%emt 0:00:28]} ({White should play} 36. Rd2 $16 Rxd2 37. Bxd2) 36... Nc4 {[%emt 0:00:43]} 37. Rc2 {[%emt 0:00:32]} Nxe3+ {[%emt 0:00:30]} 38. fxe3 {[%emt 0:00:01]} Rd1+ {[%emt 0:00:07]} 39. Ke2 {[%emt 0:00:08]} Ra1 {[%emt 0:00:16]} 40. Rb2 {[%emt 0:00:00]} Rg1 {[%emt 0:00:00]} 41. Kf2 {[%emt 0:00:51]} Rc1 {[%emt 0:01:15]} 42. g4 {[%emt 0:05:56]} hxg4 {[%emt 0:01:36]} 43. hxg4 {[%emt 0:00:01]} Bc5 {[%emt 0:01:35]} 44. Rc2 {[%emt 0:01:11]} Rxc2+ $14 {[%emt 0:00:38]} 45. Bxc2 {[%emt 0:00:01]} Ba3 {[%emt 0:06:52]} 46. Ke2 {[%emt 0:00:19]} Kf8 {[%emt 0:00:22]} 47. Kd3 {[%emt 0:00:09]} Ke7 {[%emt 0:00:04]} 48. Kc4 {[%emt 0:00:10]} Kd6 {[%emt 0:03:28]} 49. Kd3 {[%emt 0:00:50] Ke5 Ke4+} 1/2-1/2

[Event "Orbis-2 IM 2018"]
[Site "Paracin"]
[Date "2018.12.04"]
[Round "2"]
[White "Sahil, Tickoo"]
[Black "Lajthajm, Borko"]
[Result "0-1"]
[WhiteElo "2224"]
[BlackElo "2405"]
[Annotator "TA"]
[PlyCount "106"]
[EventDate "2018.12.03"]
[EventType "tourn"]
[EventCountry "SRB"]
[SourceTitle "playchess.com"]
[Source "ChessBase"]
[SourceQuality "1"]

{[%evp 9,106,51,54,55,139,133,131,131,158,112,111,83,94,97,101,0,-3,-12,-8,-18,-19,-19,-19,-17,-19,-65,0,-102,-100,-106,-97,-104,-103,-93,-98,-130,-105,-106,-107,-120,-109,-106,-107,-117,-117,-156,-148,-148,-156,-190,-191,-179,-185,-202,-175,-183,-148,-239,-191,-243,-202,-191,-185,-292,-307,-311,-302,-290,-298,-441,-372,-359,-361,-446,-433,-571,-578,-555,-545,-586,-569,-752,-680,-972,-932,-941,-864,-1706,-1696,-1665,-1613,-1485,-1173,-1190,-1200,-1695,-1800,-1880,-578]} 1. d4 Nf6 2. Bf4 d6 3. Nc3 Bf5 (3... g6 4. Qd2 c6 5. e4 b5 6. f3 Nbd7 7. Nge2 Nb6 8. Ng3 h5 9. Be2 Bg7 10. O-O h4 11. Nh1 h3 12. g4 a5 13. Ng3 Ba6 {1-0 (71) Aronian,L (2805)-Demchenko,A (2660) Riadh 2017}) 4. f3 c6 $146 ({Predecessor:} 4... d5 5. e3 e6 6. Qd2 c5 7. O-O-O cxd4 8. exd4 Nc6 9. g4 Bg6 10. Bd3 Rc8 11. Nge2 Bb4 12. a3 Be7 13. Bxg6 hxg6 {½-½ (45) Zhu,J (2288)-Martinez Martin,D (2411) Las Vegas 2016}) 5. e4 Bg6 6. Qd2 {A45: Trompowsky Attack} d5 (6... e6 $14) 7. e5 $16 Nfd7 {[#]} 8. h4 $1 {White is clearly better.} Nb6 9. e6 fxe6 10. Nh3 h6 11. Bd3 Bf7 {[#]} 12. O-O (12. O-O-O $1 $16) 12... N8d7 $11 13. Rae1 e5 14. Bxe5 Nxe5 15. Rxe5 e6 16. Nf4 {Threatens to win with Rfe1.} Kd7 17. Rfe1 {[%cal Rf4e6]} Qxh4 (17... Bd6 $15 18. h5 Bxe5 19. Rxe5 Qf6) 18. Nxe6 (18. Nb5 $1 $11 cxb5 19. Bxb5+ Kc7 20. Nxe6+ Bxe6 21. Qc3+ Nc4 22. Bxc4 (22. Rxe6 Rc8 $15)) 18... Bxe6 $17 19. Rxe6 Qxd4+ 20. Qf2 Qxf2+ 21. Kxf2 Bc5+ 22. Kg3 Rhf8 23. Nd1 Rad8 24. Nf2 Bd6+ 25. Kh3 Na4 26. Rg6 Rf7 27. c4 Nxb2 28. cxd5 cxd5 29. Rb1 Nxd3 30. Nxd3 Kc8 31. Rb5 Bf8 32. Re6 Re7 33. Nc5 (33. Nf4 $17) 33... a6 34. Rb3 (34. Rb2 $142) 34... Rc7 35. Nd3 d4 {[%cal Bd5d4,Bd4d3,Bd3d2][%mdl 32]} 36. Kg4 (36. Rb2 $142) 36... Rc2 $19 37. Rb2 Rxb2 38. Nxb2 {[%mdl 4096] Endgame KRB-KRN} d3 39. Kf4 (39. f4 {was worth a try.}) 39... Ba3 40. Nd1 Bc5 41. Re4 b5 {[%cal Bb7b5,Bb5b4][%mdl 32] Black is clearly winning.} 42. Ke5 d2 43. Kf5 Kc7 44. Kg6 Rd7 45. Re2 a5 {[%cal Ba6a5,Ba5a4,Ba4a3][%mdl 32]} 46. f4 b4 47. g4 a4 {aiming for ...b3.} 48. Re8 Kb7 49. Re5 Kc6 50. Re8 a3 {Hoping for ...b3!} 51. Rb8 Kd5 52. Kf5 Kd4 53. Ke6 Re7+ {Accuracy: White = 29%, Black = 64%.} 0-1

[Event "Orbis-2 IM 2018"]
[Site "Paracin"]
[Date "2018.12.04"]
[Round "2"]
[White "Rakshitta Ravi"]
[Black "Sredojevic, Ivan"]
[Result "1/2-1/2"]
[WhiteElo "2141"]
[BlackElo "2271"]
[Annotator "TA"]
[PlyCount "90"]
[EventDate "2018.12.03"]
[EventType "tourn"]
[EventCountry "SRB"]
[SourceTitle "playchess.com"]
[Source "ChessBase"]
[SourceQuality "1"]

{[%evp 17,90,24,36,31,30,27,32,29,17,0,11,0,0,0,0,0,29,0,13,2,4,-31,-28,-32,-16,-12,-16,-12,0,0,0,0,0,-6,-6,-16,0,-4,0,0,0,0,0,0,0,0,0,0,0,0,0,0,0,0,0,0,0,0,0,0,0,0,0,0,0,0,0,0,0,0,0,0,0,0,0]} 1. Nf3 Nf6 2. g3 g6 3. b3 Bg7 4. Bb2 O-O 5. Bg2 c5 6. c4 Nc6 7. O-O d6 8. d4 cxd4 9. Nxd4 Bd7 {LiveBook: 368 Games} 10. Re1 {E60: King's Indian: Unusual lines and Fianchetto Variation without Nc3} (10. Nc3 Nxd4 11. Qxd4 Bc6 12. Rfd1 Qa5 13. Qd2 Bxg2 14. Kxg2 Rfc8 15. f3 a6 16. g4 Kf8 17. a4 Qb4 18. Qc2 Qc5 19. a5 h5 {0-1 (52) Jobava,B (2690)-Shimanov,A (2641) chess.com INT 2018}) 10... Rc8 11. e4 a6 12. Qd2 $146 {White is slightly better.} ({Predecessor:} 12. Nxc6 Bxc6 13. Nc3 Nd7 14. Qe2 b5 15. cxb5 axb5 16. Nd5 Bxb2 17. Qxb2 Re8 {1-0 (57) Gillen,A-Copeland,D Dublin 1991}) 12... b5 13. Nxc6 Bxc6 14. cxb5 axb5 15. Nc3 Nd7 16. Nd1 Ne5 17. h3 Qb6 18. Kh2 Rfd8 19. Ne3 Qb7 20. Ng4 Nxg4+ (20... h5 {is interesting.} 21. Nxe5 dxe5 22. Qe3 Kh7 23. Rad1 b4) 21. hxg4 {The position is equal.} Bxb2 22. Qxb2 d5 23. exd5 Bxd5 24. Bxd5 Rxd5 25. Qe2 e6 26. Rac1 Rxc1 27. Rxc1 $11 {[%mdl 4096] Endgame KQR-KQR} h5 {[#] Threatens to win with ...hxg4.} 28. Rd1 $1 b4 (28... hxg4 {feels hotter.} 29. Rxd5 Qxd5 30. a4 b4 31. Qa2 Qa5) 29. Rxd5 Qxd5 {KQ-KQ} 30. Kg1 hxg4 31. Qxg4 Qd2 32. Qc4 Kg7 33. Qe4 Qc3 34. Qe2 e5 35. Qe4 Qd4 36. Qc2 e4 37. Kg2 Qd5 38. Kg1 Qd3 39. Qb2+ f6 40. a4 Qc3 41. Qa2 f5 42. Kh2 Qf3 43. a5 Qh5+ 44. Kg2 Qf3+ 45. Kh2 Qh5+ {Accuracy: White = 74%, Black = 65%.} 1/2-1/2